Die 29 größten Wasserstraßen der Welt - Statistiken

Allgemein
  • Dieses Quiz wurde 39 mal gespielt
  • Das Durchschnittsergebnis liegt bei 6 aus 29
Antwortstatistiken
Engste Stelle
trennt ..... von .....
Wasserstr. % Korrekt
33 km Le Havre (🇫🇷) & Calais (🇫🇷) - -Dover (🇬🇧), Southampton (🇬🇧) & Plymouth (🇬🇧) Ärmelkanal / Straße von Dover
69%
700 m europ. Türkei - - asiat. Türkei Bosporus
69%
85 km Alaska (🇺🇸) - - Sibirien (🇷🇺) Beringstraße
60%
14 km Tarifa (🇪🇸) & Gibraltar - - Marokko & Ceuta (🇪🇸) Straße von Gibraltar
57%
19 km Fehmarn (🇩🇪) - - Lolland (🇩🇰) Fehmarnbelt
37%
22 km Nordinsel (🇳🇿) - - Südinsel (🇳🇿) Cookstraße
34%
38 km Sumatra (🇮🇩) - - Malaysia Straße von Malakka
34%
3,5 km Südamerika - - Feuerland Magellanstraße
31%
3 km Kalabrien (🇮🇹) - - Sizilien Straße von Messina
29%
1,6 km Gallipoli (🇹🇷) - - Nordwest-Anatolien (🇹🇷) Dardanellen
26%
12 km Fünen (🇩🇰) - - Seeland (🇩🇰) Großer Belt
26%
600 m Jütland (🇩🇰) - - Fünen (🇩🇰) Kleiner Belt
23%
21 km Nordirland - - Schottland Nordkanal
23%
64 km Labrador (Kanada) - - Baffinland (Kanada) Hudsonstraße
20%
4 km Schonen (🇸🇪) - - Seeland (🇩🇰) Öresund
17%
55 km Larak (🇮🇷) - - Quoin - Inseln (🇴🇲) Straße von Hormus
14%
15 km Labrador (Kanada) - - Neufundland Belle-Isle-Straße
11%
34 km Long Island (🇺🇸) - - Neuengland (🇺🇸) Long Island Sound
11%
2 km Korfu (🇬🇷) - - Albanien Straße von Korfu
11%
4 km Krim (🇺🇦) - - Taman (🇷🇺) Straße von Kertsch
9%
10 km Kap-York-Halbinsel - -Prince-of-Wales-Insel (🇵🇬) Endeavour - Straße/ Torres - Straße
3%
19,5 km Honshu (🇯🇵) - - Hokkaido (🇯🇵) Tsugaru-Straße
3%
27 km Eritrea & Dschibuti - - Jemen Bab al Mandab
0%
44 km Molokaʻi (Hawaii) - - Oʻahu (Hawaii) Kaiwi - Kanal
0%
24 km Ellesmere - Insel (Kanada) - - Grönland Nares - Straße
0%
53 km Tamil Nadu (🇮🇳) - - Sri Lanka Palkstraße
0%
12 km Korsika (🇫🇷) - - Sardinien (🇮🇹) Straße von Bonifacio
0%
71 km Apulien (🇮🇹) - - Albanien Straße von Otranto
0%
25,5 km Sumatra (🇮🇩) - - Java (🇮🇩) Sundastraße
0%
Keine übereinstimmenden Quizze gefunden
Verteilung der Resultate
Anzahl Personen mit jedem Resultat
Perzentil nach korrekt beantworteten Fragen
Ihre Resultats-Entwicklung
Sie haben dieses Quiz noch nicht gespielt